000 01066nam a22003377a 4500
003 CHAP
005 20220329143606.0
008 100730s1995 enk r 00010 eng d
010 _a98962
011 _a99934
020 _a0951598414
035 _a110620
040 _cCHAP
082 0 4 _a581.634
_bB28
100 1 _aBartram, Thomas H.
_910654
245 1 0 _aEncyclopedia of herbal medicine
_cby Thomas H. Bartram
260 _aBournemouth :
_bGrace,
_c1995
300 _axv, 474 p.
500 _afotocopias c.1
590 _aBATCH-UPD
_b10
_c20130110
_lUCH01
_h1137
590 _aBATCH-UPD
_b10
_c20130410
_lUCH01
_h0724
590 _aBATCH-UPD
_b10
_c20130914
_lUCH01
_h0545
590 _aCONVERSION
_b10
_c20130109
_lUCH01
_h1355
650 1 4 _aBotánica médica.
_914680
650 1 4 _aMedicina tradicional.
_973921
650 1 4 _aTerapéutica fisiológica.
_9112346
901 _aBK
942 _cLIBRO
949 _a581.634 B28
_bBC
_cC
_d33724002200702
_eC
_h113034
_i110620
_sb
949 _a581.634 B28
_bBC
_cC
_d33724002237149
_eC
_fc.2
_gDonaciØn
_h114249
_i110620
_sb
999 _c98962
_d98962